Employee relations / (Record no. 347194)
[ view plain ]
| 000 -LEADER | |
|---|---|
| fixed length control field | 01066 a2200217 4500 |
| 020 ## - INTERNATIONAL STANDARD BOOK NUMBER | |
| International Standard Book Number | 0852929404 (paperback) |
| 020 ## - INTERNATIONAL STANDARD BOOK NUMBER | |
| International Standard Book Number | 9780852929407 (paperback) |
| 082 04 - DEWEY DECIMAL CLASSIFICATION NUMBER | |
| Classification number | 658 |
| 090 ## - LOCALLY ASSIGNED LC-TYPE CALL NUMBER (OCLC); LOCAL CALL NUMBER (RLIN) | |
| -- | 4763 |
| -- | 4763 |
| 100 1# - MAIN ENTRY--PERSONAL NAME | |
| Personal name | Gennard, John. |
| 245 10 - TITLE STATEMENT | |
| Title | Employee relations / |
| Statement of responsibility, etc. | John Gennard, Graham Judge. |
| 250 ## - EDITION STATEMENT | |
| Edition statement | 3rd ed. |
| 260 ## - PUBLICATION, DISTRIBUTION, ETC. | |
| Place of publication, distribution, etc. | [S.l.] : |
| Name of publisher, distributor, etc. | Chartered Institute of Personnel & Development, |
| Date of publication, distribution, etc. | 2002. |
| 300 ## - PHYSICAL DESCRIPTION | |
| Extent | 499 p. ; |
| Dimensions | 25 cm. |
| 490 1# - SERIES STATEMENT | |
| Series statement | People & organizations. |
| 520 ## - SUMMARY, ETC. | |
| Summary, etc. | In the third edition of this acclaimed student text, the CIPD's chief examiner John Gennard and associate examiner Graham Judge consider the corporate environment, major institutions and best practices. They have taken full account of the new CIPD Professional Development Standards designed to produce employee relations professionals who are business-focused and thinking performers. |
| 700 1# - ADDED ENTRY--PERSONAL NAME | |
| Personal name | Judge, Graham. |
| 830 #0 - SERIES ADDED ENTRY--UNIFORM TITLE | |
| Uniform title | People & organizations. |
| 856 40 - ELECTRONIC LOCATION AND ACCESS | |
| Materials specified | Amazon.com |
| Uniform Resource Identifier | <a href="http://www.amazon.com/exec/obidos/ASIN/0852929404/chopaconline-20">http://www.amazon.com/exec/obidos/ASIN/0852929404/chopaconline-20</a> |
| 942 ## - ADDED ENTRY ELEMENTS (KOHA) | |
| Institution code [OBSOLETE] | NBS |
| Koha item type | Book |
| Call number prefix | 658.30094 GEN |
| Withdrawn status | Lost status | Damaged status | Not for loan | Permanent Location | Current Location | Date acquired | Total Checkouts | Full call number | Barcode | Date last seen | Date last checked out | Price effective from | Koha item type |
|---|---|---|---|---|---|---|---|---|---|---|---|---|---|
| Central Library (CL) | Central Library (CL) | 08/28/2013 | 5 | 658.30094 GEN | NBS7373 | 09/03/2019 | 01/22/2019 | 08/28/2013 | Book |
